LEADER 03217nam 22006613u 450 001 9910792215503321 005 20230120051345.0 010 $a0-19-971810-5 010 $a9786611342043 010 $a1-4356-5680-6 010 $a1-281-34204-1 035 $a(CKB)2560000000300397 035 $a(EBL)415735 035 $a(OCoLC)437094718 035 $a(SSID)ssj0000240457 035 $a(PQKBManifestationID)11208756 035 $a(PQKBTitleCode)TC0000240457 035 $a(PQKBWorkID)10266133 035 $a(PQKB)10187614 035 $a(StDuBDS)EDZ0000024386 035 $a(MiAaPQ)EBC415735 035 $a(MiAaPQ)EBC7033767 035 $a(EXLCZ)992560000000300397 100 $a20151123d2014|||| u|| | 101 0 $aeng 135 $aur|n|---||||| 181 $ctxt 182 $cc 183 $acr 200 10$aSacred power, sacred space $ean introduction to Christian architecture and worship /$fJeanne Halgren Kilde 210 $aNew York ;$aOxford $cOxford University Press$d2008 215 $a1 online resource (249 p.) 300 $aDescription based upon print version of record. 311 $a0-19-531469-7 311 $a0-19-985186-7 320 $aIncludes bibliographical references and index. 327 $aContents; Illustrations; 1. A Method for Thinking about Power Dynamics in Christian Space; 2. Early Christian Meeting Space in the Roman Empire; 3. Imperial Power in Constantinian and Byzantine Churches; 4. From Abbey to Great Church, Fortress to Heavenly City; 5. Transformations of the Renaissance and Reformation; 6. Formalism and Non-or Antiformalism in Worship and Architecture; 7. Historicism, Modernism, and Space; 8. Concluding Observations; Notes; Glossary of Architectural Terms; A; B; C; D; E; F; G; H; I; L; M; N; O; P; R; S; T; V; Index; A; B; C; D; E; F; G; H; I; J; K; L; M; N; O; P 327 $aQR; S; T; U; V; W; Z 330 $aJeanne Halgren Kilde's survey of church architecture is unlike any other. Her main concern is not the buildings themselves, but rather the dynamic character of Christianity and how church buildings shape and influence the religion. Kilde argues that a primary function of church buildings is to represent and reify three different types of power: divine power, or ideas about God; personal empowerment as manifested in the individual's perceived relationship to the divine; and social power, meaning the relationships between groups such as clergy and laity. Each type intersects with notions of Chri 606 $aLiturgy and architecture 606 $aLiturgy and architecture$xHistory 606 $aChurch architecture$xHistory 606 $aArchitecture$2HILCC 606 $aArt, Architecture & Applied Arts$2HILCC 615 4$aLiturgy and architecture. 615 0$aLiturgy and architecture$xHistory 615 0$aChurch architecture$xHistory 615 7$aArchitecture 615 7$aArt, Architecture & Applied Arts 676 $a246.909 700 $aKilde$b Jeanne Halgren$f1957-$0868467 801 0$bAU-PeEL 801 1$bAU-PeEL 801 2$bAU-PeEL 906 $aBOOK 912 $a9910792215503321 996 $aSacred power, sacred space$91938661 997 $aUNINA